• 首页
  • 本馆介绍
  • 公告通知
  • 最新文献
  • 馆藏检索
  • 电子资源
  • 读者导购
  • 参考咨询
  • 我的图书馆
  • 登录
  • 详细信息显示
  • 放入我的书架
  • 预约/预借图书
  • 作者相关作品
  • 分类相关作品
  • 丛书相关作品
  • 出版社相关作品

书目信息

  • 表格格式
  • 工作单格式
  • 卡片格式
题名:
Flash CS4动画设计与制作实训教程
    
 
作者: 杨美霞 主编
分册:  
出版信息: 北京   北京师范大学出版社  2017.03
页数: 343页
开本: 26cm
丛书名:
单 册:
中图分类: TP391.414 , TP391.41
科图分类:
主题词: 动画制作软件--教材 , 动画制作软件
电子资源:
ISBN: 978-7-303-14496-9
000 00968nam0 2200265 450
001 5417
005 20181015172805.51
010    @a978-7-303-14496-9@dCNY32.80
100    @a20130127d2017 em y0chiy50 ea
101 0  @achi
102    @aCN@b110000
105    @ay z 000yy
200 1  @aFlash CS4动画设计与制作实训教程@9Flash CS4 dong hua she ji yu zhi zuo shi xun jiao cheng@f杨美霞主编
210    @a北京@c北京师范大学出版社@d2017.03
215    @a343页@d26cm
300    @a创意设计系列教材
330    @a本书摒弃传统的按部就班的编写方式,采用项目教学、任务驱动的编写方式。即以一个个具体的实例载体,在介绍如何制作实例的过程中将所用到的工具、菜单、原理等相关知识潜移默化地传授给读者,使读者轻轻松松地学会Flash CS4。
606 0  @a动画制作软件@j教材
606 0  @a动画制作软件
610 0  @aFlash CS4
690    @aTP391.414@v5
690    @aTP391.41@v4
701  0 @a杨美霞@9yang mei xia@4主编
801  0 @aCN@b91MARC@c20130904
905    @aMuseLib@dTP391.41@e1647
    
    Flash CS4动画设计与制作实训教程/杨美霞主编.-北京:北京师范大学出版社,2017.03
    343页;26cm
    创意设计系列教材
    
    ISBN 978-7-303-14496-9:CNY32.80
    本书摒弃传统的按部就班的编写方式,采用项目教学、任务驱动的编写方式。即以一个个具体的实例载体,在介绍如何制作实例的过程中将所用到的工具、菜单、原理等相关知识潜移默化地传授给读者,使读者轻轻松松地学会Flash CS4。
●
相关链接 在E读中查询图书 在五车中查询图书 在当当中查询图书 在豆瓣中查询图书


正题名:Flash CS4动画设计与制作实训教程     索取号:TP391.41/1647         预约/预借

序号 登录号 条形码 馆藏地/架位号 状态 备注
1 1129600   211296006   第二样本阅览室/ [索取号:TP391.41/1647] 在馆    
2 1129601   211296015   第三借阅区/ [索取号:TP391.41/1647] 在馆    
3 1129602   211296024   第三借阅区/ [索取号:TP391.41/1647] 在馆    
4 1129603   211296033   第三借阅区/ [索取号:TP391.41/1647] 在馆    
5 1129604   211296042   第三借阅区/ [索取号:TP391.41/1647] 在馆    
欢迎您!
大连网信软件有限公司© 版权所有